000 00443nam a2200169Ia 4500
008 170705s9999 xx 000 0 und d
020 _a9780439312394
245 _aMrs. McNosh and the great big squash /
245 _cSarah Weeks ; pictures by Nadine Bernard Westcott.
260 _aNew York :
260 _bScholastic,
260 _c2000
300 _aunpaged :
300 _bcolor illustration ;
300 _c20cm.
500 _a470
999 _c335709
_d335709